000 00372nam a2200157Ia 4500
008 221030s9999 xx 000 0 und d
020 _a8131801101
041 _aEnglish
082 _a105.23
100 _aR. Shaffer
245 0 _aFundamentals of Power Electronics with Matlab
260 _bLaxmi Pub.
_aNew Delhi
_c2009
300 _a384
650 _aECE
942 _cBK
999 _c6454
_d6454